Three-Letter Cities on a Map - Statistics

General Stats
  • This quiz has been taken 637 times
  • The average score is 4 of 16
Answers on the Map
Answers color-coded by a green-red scale on the quiz's map according to % correct below.
 
Answer Stats
City % Correct
Fez
76%
Ufa
57%
Qom
45%
Ulm
43%
Niš
32%
Osh
31%
Pau
29%
Van
26%
Bar
22%
Aba
21%
Gao
19%
Ica
11%
Owo
9%
Diu
7%
Iwo
5%
Boe
4%
No matching quizzes found
Score Distribution
Percent of People with Each Score
Percentile by Number Answered
Your Score History
You have not taken this quiz